Chronology : Egypt-to end of twentieth dynasty /

Bibliographic Details
Main Author: Hayes, William Christopher, 1903-1963
Other Authors: Hayes, William Christopher, Rowton, M.B, Stubbings, Frank H.
Format: Book
Language:English
Published: Cambridge [England] : University Press, 1964.
Series:Cambridge ancient history. fasc. no. 4.
Subjects:

MARC

Tag First Indicator Second Indicator Subfields
LEADER 00000cam a2200000 4500
001 in00000015152
005 20151007053005.0
008 790108s1964 enk b 00010 eng d
035 |a (OCoLC)04530697 
035 |9 AAA9962AM 
040 |a KSU  |c KSU  |d TXA  |d UtOrBLW 
049 |a TXAM  |c [A11050560] 
050 4 |a D54.5  |b .H3 1964 
100 1 |a Hayes, William Christopher,  |d 1903-1963. 
245 1 0 |a Chronology :  |b Egypt-to end of twentieth dynasty /  |c by William C. Hayes; Ancient western Asia, by M.B. Rowton; The Agean bronze age, by Frank H. Stubbings. 
264 1 |a Cambridge [England] :  |b University Press,  |c 1964. 
300 |a 85 pages ;  |c 23 cm. 
336 |a text  |b txt  |2 rdacontent 
337 |a unmediated  |b n  |2 rdamedia 
338 |a volume  |b nc  |2 rdacarrier 
490 1 |a Cambridge ancient history. Rev. ed. ;  |v fasc. no. 4 
500 |a "Volume I, Chapter VI." 
500 |a On cover: Revised edition of volumes 1 & 2. 
504 |a Bibliography: pages 77-85. 
650 0 |a History, Ancient  |v Chronology. 
700 1 |a Hayes, William Christopher.  |t Egypt-to end of twentieth dynasty. 
700 1 |a Rowton, M.B.  |t Ancient western Asia. 
700 1 |a Stubbings, Frank H.  |t Agean bronze age. 
740 0 |a Egypt-to end of twentieth dynasty. 
740 0 |a Ancient western Asia. 
740 0 |a Agean bronze age. 
830 0 |a Cambridge ancient history.  |n Rev. ed ;  |v fasc. no. 4. 
999 |a MARS 
999 f f |s 875ea274-d6ec-31ae-85be-73f621e8dad6  |i 6b03edba-f52c-3b5c-a4df-81e5ba076438  |t 0 
952 f f |p normal  |a Texas A&M University  |b College Station  |c Sterling C. Evans Library  |d Evans: Library Stacks  |t 0  |e D54.5 .H3 1964  |h Library of Congress classification  |i unmediated -- volume  |m A14811050560 
998 f f |a D54.5 .H3 1964  |t 0  |l Evans: Library Stacks